[Event "CRI-ch (Women)"]
[Site "San Jose"]
[Date "2019.01.20"]
[Round "9"]
[White "Angulo Hernandez, Maria Jesus"]
[Black "Diaz Charpentier, Kristel Melissa"]
[Result "0-1"]
[WhiteElo "1406"]
[BlackElo "1591"]
[PlyCount "50"]
[EventDate "2019.01.10"]
[EventType "tourn"]
[EventRounds "9"]
[EventCountry "CRI"]
[SourceTitle "CBM 189 Extra"]
[Source "ChessBase"]
[SourceDate "2019.06.03"]
[SourceVersion "1"]
[SourceVersionDate "2019.06.03"]
[SourceQuality "1"]

1. e4 e5 2. d4 exd4 3. Qxd4 Nc6 4. Qe3 Nf6 5. Nc3 Bb4 6. Bd2 0-0 7. f3 Re8 8. 0-0-0 d5 9. Qf2 dxe4 10. Nxe4 Qe7 11. Bd3 Be6 12. Nxf6+ Qxf6 13. a3 Bxa3 14. Bc3 Qxc3 15. bxa3 Qxa3+ 16. Kd2 Ne5 17. Ne2 Nxd3 18. cxd3 Qb2+ 19. Ke1 Bb3 20. Qf1 Bxd1 21. Kxd1 Re6 22. Qf2 Ra6 23. Qe3 Ra2 24. Rg1 Qc2+ 25. Ke1 Kf8 0-1

[Event "CRI-ch sf (Women)"]
[Site "San Jose"]
[Date "2018.11.18"]
[Round "3"]
[White "Hernandez Leandro, Aliza"]
[Black "Angulo Hernandez, Maria Jesus"]
[Result "0-1"]
[WhiteElo "1363"]
[BlackElo "1391"]
[PlyCount "98"]
[EventDate "2018.11.17"]
[EventType "swiss"]
[EventRounds "7"]
[EventCountry "CRI"]
[SourceTitle "CBM 187 Extra"]
[Source "ChessBase"]
[SourceDate "2018.11.04"]
[SourceVersion "1"]
[SourceVersionDate "2018.11.04"]
[SourceQuality "1"]

1. e4 e5 2. Nf3 Nc6 3. Bb5 Nf6 4. d3 a6 5. Ba4 b5 6. Bb3 d6 7. c3 Na5 8. Bc2 c5 9. h3 Be7 10. 0-0 0-0 11. Nbd2 Re8 12. Re1 Bb7 13. Nf1 Bf8 14. Ng3 g6 15. Bd2 Bg7 16. Qc1 Qc7 17. Bh6 Nc6 18. Bxg7 Kxg7 19. Qg5 Ne7 20. Nh4 Bc8 21. Qe3 h6 22. Bd1 d5 23. d4 cxd4 24. cxd4 exd4 25. Qxd4 dxe4 26. Nxe4 Ned5 27. Nf3 Bf5 28. Nxf6 Rxe1+ 29. Nxe1 Nxf6 30. Bf3 Rd8 31. Qe3 Re8 32. Qd4 Qe5 33. Qxe5 Rxe5 34. Rc1 a5 35. Kf1 a4 36. a3 Ne4 37. Rd1 Nc5 38. Bc6 Nb3 39. Nd3 Bxd3+ 40. Rxd3 Rc5 41. Bd7 Rc1+ 42. Ke2 Rb1 43. Bxb5 Nc1+ 44. Kd2 Nxd3 45. Kxd3 Rxb2 46. Bxa4 Ra2 47. Ke4 Rxa3 48. Bb5 f5+ 49. Kf4 Kf6 0-1

[Event "Pan American-ch U14 Girls"]
[Site "San Jose"]
[Date "2017.07.01"]
[Round "1"]
[White "Angulo Hernandez, Maria Jesus"]
[Black "Arauco Celestino, Arianna Sofia"]
[Result "0-1"]
[WhiteElo "1354"]
[BlackElo "1622"]
[PlyCount "168"]
[EventDate "2017.07.01"]
[EventType "swiss"]
[EventRounds "9"]
[EventCountry "CRI"]
[SourceTitle "EXT 2022"]
[Source "ChessBase"]
[SourceDate "2021.10.06"]
[SourceVersion "1"]
[SourceVersionDate "2021.10.06"]
[SourceQuality "1"]

1. e4 c5 2. Nf3 a6 3. d4 cxd4 4. Nxd4 Nf6 5. Nc3 e5 6. Nf3 Bb4 7. Bd2 d6 8. Bd3 0-0 9. 0-0 Nbd7 10. a3 Bxc3 11. Bxc3 Nc5 12. Re1 Qc7 13. h3 b5 14. Bb4 Bb7 15. Bxc5 dxc5 16. c4 bxc4 17. Bxc4 Bxe4 18. Qe2 Bxf3 19. Qxf3 Rfd8 20. Rac1 e4 21. Qe3 Qe5 22. b3 Qd4 23. Qe2 a5 24. a4 Qd6 25. Qe3 Qd4 26. Bf1 Qxe3 27. Rxe3 Rac8 28. g3 Rd4 29. Rec3 Rd5 30. Bg2 Kf8 31. Kf1 Ke7 32. Re1 Re5 33. f3 Nd5 34. Rc4 Nf6 35. fxe4 Rb8 36. Re3 Nd5 37. Rd3 Nb4 38. Rf3 Nc6 39. Rcc3 Rb4 40. Rfe3 Nd4 41. Kf2 Ne6 42. h4 g5 43. Kf3 gxh4 44. gxh4 Nd4+ 45. Kf4 f6 46. Bh3 Kd6 47. Red3 Kc6 48. Re3 Re7 49. Bf1 Rg7 50. Bc4 h5 51. Rg3 Rxc4 52. Rxc4 Ne2+ 53. Kf5 Rxg3 54. Kxf6 Rxb3 55. e5 Re3 56. Rc2 Kd5 57. Rd2+ Nd4 58. Rd1 Rxe5 59. Rc1 Re4 60. Kg5 Nf3+ 61. Kxh5 Rxh4+ 62. Kg6 Rxa4 63. Kf5 Nd4+ 64. Kf6 c4 65. Rc3 Rb4 66. Kg5 Rb3 67. Rc1 c3 68. Kg4 c2 69. Ra1 Rb1 70. Rxa5+ Kc4 71. Ra8 c1Q 72. Rc8+ Kd3 73. Rxc1 Rxc1 74. Kf4 Re1 75. Kg5 Rf1 76. Kg4 Ke3 77. Kg5 Ke4 78. Kg6 Ke5 79. Kg5 Rg1+ 80. Kh5 Kf4 81. Kh6 Kf5 82. Kh7 Kf6 83. Kh8 Kf7 84. Kh7 Rh1# 0-1